• 首页
  • 本馆介绍
  • 公告通知
  • 最新文献
  • 馆藏检索
  • 电子资源
  • 读者导购
  • 参考咨询
  • 我的图书馆
  • 登录
  • 详细信息显示
  • 放入我的书架
  • 预约/预借图书
  • 作者相关作品
  • 分类相关作品
  • 丛书相关作品
  • 出版社相关作品

书目信息

  • 表格格式
  • 工作单格式
  • 卡片格式
题名:
脊柱外科手术器械
    
 
作者: 谭军
分册:  
出版信息: 上海   同济大学出版社  2016.04
页数: 180页
开本: 26cm
丛书名:
单 册:
中图分类: R681.5
科图分类:
主题词: 骨科学 , 运动系疾病 , 矫形外科学
电子资源:
ISBN: 978-7-5608-6234-7
000 00634nam0 2200229 450
001 3461
005 20160926152318.20
010    @a978-7-5608-6234-7@b平装@dCNY78.00
100    @a20151001d2016 km y0chiy0120 ea
101 0  @achi
102    @aCN@b310000
200 1  @a脊柱外科手术器械@Aji zhu wai ke shou shu qi xie@f谭军@Ftan jun
210    @a上海@c同济大学出版社@d2016.04
215    @a180页@d26cm
330    @a脊柱病·外科手术·手术器械
606 0  @a骨科学
606 0  @a运动系疾病
606 0  @a矫形外科学
690    @aR681.5@v4
701  0 @a谭军@Atan jun
801  0 @aCN@b唐山师范学院图书馆@c20151001
905    @aZUCC@dR681.5@e44
    
    脊柱外科手术器械/谭军.-上海:同济大学出版社,2016.04
    180页;26cm
    
    
    ISBN 978-7-5608-6234-7(平装):CNY78.00
    脊柱病·外科手术·手术器械
●
相关链接 在E读中查询图书 在五车中查询图书 在当当中查询图书 在豆瓣中查询图书


正题名:脊柱外科手术器械     索取号:R681.5/44         预约/预借

序号 登录号 条形码 馆藏地/架位号 状态 备注
1 904045   209040456   第二样本阅览室/ [索取号:R681.5/44] 在馆    
2 904046   209040465   第三借阅区/ [索取号:R681.5/44] 在馆    
3 904047   209040474   第三借阅区/ [索取号:R681.5/44] 在馆    
4 904048   209040483   第三借阅区/ [索取号:R681.5/44] 在馆    
唐山师范学院图书馆 欢迎您!
大连网信软件有限公司© 版权所有